000
00326nam a2200157Ia 4500
100
_a
Charles/ Mary Lamb
650
_a
Shakespeare
942
_c
BK
366
_f
20
245
_a
Tales from Shakespeare
260
_b
Jaico
_c
2011
082
_a
808.543
_b
CHA
300
_a
269
546
_a
ENGLISH
_c
Computers
999
_c
22391
_d
22391